000
00328nam a2200145Ia 4500
008
150201s2007 xx 000 0 und d
082
_a
617.51
_b
H07W
100
_a
WATKINSON , J.C.
245
_a
HEAD & NECK SURGERY
250
_a
4TH
260
_b
HODDER, ARNOLD
_c
2007
300
_a
1-520
650
_a
E.N.T.
942
_2
ddc
_c
BK
999
_c
589
_d
589